London Note Book / (Record no. 659)

000 -LEADER
fixed length control field 00529nam a2200205 a 4500
008 - FIXED-LENGTH DATA ELEMENTS--GENERAL INFORMATION
fixed length control field 191004r19702013ii ||||g |||| 00| 0 mal d
020 ## - INTERNATIONAL STANDARD BOOK NUMBER
International Standard Book Number 9788126402588
Terms of availability Rs.60.00
040 ## - CATALOGING SOURCE
Original cataloging agency IMU Kochi Library
Language of cataloging eng
041 0# - LANGUAGE CODE
Language code of text/sound track or separate title mal
044 ## - COUNTRY OF PUBLISHING/PRODUCING ENTITY CODE
MARC country code India
082 04 - DEWEY DECIMAL CLASSIFICATION NUMBER
Edition number 23
Classification number 914
Item number P85
100 1# - MAIN ENTRY--PERSONAL NAME
Personal name Pottekkatt, S. K.
245 10 - TITLE STATEMENT
Title London Note Book /
260 ## - PUBLICATION, DISTRIBUTION, ETC. (IMPRINT)
Place of publication, distribution, etc Kottayam :
Name of publisher, distributor, etc D. C. Books ,
Date of publication, distribution, etc 1970, reprinted 2013
300 ## - PHYSICAL DESCRIPTION
Extent 82 p. ;
Dimensions 21 cm.
650 #0 - SUBJECT ADDED ENTRY--TOPICAL TERM
Topical term or geographic name as entry element Malayalam literature
Form subdivision Travelogue
852 ## - LOCATION/CALL NUMBER
Location IMU Kochi Library
904 ## - LOCAL DATA ELEMENT D, LDD (RLIN)
CATALOGER Akhil Bose
942 ## - ADDED ENTRY ELEMENTS (KOHA)
Item type Books
Holdings
Withdrawn status Lost status Source of classification or shelving scheme Damaged status Not for loan Collection code Permanent location Current location Shelving location Date acquired Source of acquisition Cost, normal purchase price Total Checkouts Total Renewals Full call number Barcode Date last seen Date last borrowed Koha item type Public note
          Non-fiction IMU Kochi Library IMU Kochi Library Fiction & General 2013-12-06 M/s Current Books (Inv. No.926 Dt 2013-12-02) 60.00 2 2 914 P85 BK002613 2020-02-25 2020-01-08 Books Shelf-19, Row-5


Copyright © All Rights Reserved by Indian Maritime University, Kochi Campus.
For any Suggestions/Query Contact to library or Email: library.kochi@imu.ac.in Ph:(0484)-2989402
(Web OPAC Designed by Rudra Ranjan. Maintained by IMU Kochi Library)

Powered by Koha